Profile of american politics: readings in american government

Guardat en:
Dades bibliogràfiques
Autors principals: Lefever, Ernest W (Autor), Hohenstein, Walter V (Autor)
Format: Llibre
Idioma:anglès
Publicat: Cambridge Riverside 1960
Matèries:
Etiquetes: Afegir etiqueta
Sense etiquetes, Sigues el primer a etiquetar aquest registre!

MARC

LEADER 00000nam a2200000 a 4500
001 UCT6326
003 CL-VaPUC
008 970106e19600000US |||||||||||||||||eng|d
082 0 4 |a 320.973  |b LEF  |2 21 
100 0 |a Lefever, Ernest W  |e author  |9 376376 
700 0 |a Hohenstein, Walter V  |e author  |9 376377 
245 1 0 |a Profile of american politics: readings in american government 
300 |a 367 p 
942 |c BK 
945 |d 19970106 00:00:00  |a paguirre 
260 |a Cambridge  |b Riverside  |c 1960 
650 0 |a Política  |9 255312 
650 0 |a Ciencias Políticas  |9 255201 
650 7 |a POLITICA INTERNA  |2 CL-VaPUC  |9 342443 
650 0 |a Gobierno   |9 255508 
650 0 |a Partidos políticos  |9 254999 
650 0 |a Democracia  |9 255256 
650 0 |a Federalismo  |9 313886 
650 0 |a Política internacional  |9 255813 
650 0 |a Etica política   |9 255799 
651 0 |a Estados Unidos  |9 255178 
583 |a last modification  |c 19970106 00:00:00  |k Rodrigo Vera 
999 |c 255039  |d 255037 
952 |0 0  |1 0  |4 0  |6 320_973000000000000_LEF_1960  |7 0  |8 P  |9 277081  |a BIBDER  |b BIBDER  |d 2019-11-19  |i 1801937  |o 320.973 LEF 1960  |p 1801937  |r 2023-01-25  |w 2019-11-19  |y BK  |k DER